Rozatul Muhibbin (Record no. 1060)

MARC details
000 -LEADER
fixed length control field 00553nam a2200241 a 4500
020 ## - INTERNATIONAL STANDARD BOOK NUMBER
ISBN
082 00 - DEWEY DECIMAL CLASSIFICATION NUMBER
Classification number 891.551
Author Cutter IBN
100 ## - MAIN ENTRY--AUTHOR NAME
Author name Ibn, Imad
245 ## - TITLE STATEMENT
Title Rozatul Muhibbin
Sub title Dehnamah
260 ## - PUBLICATION, DISTRIBUTION, ETC. (IMPRINT)
Place of publication Iran
Name of publisher Matba Sepehr
Year of publication 1893
300 ## - PHYSICAL DESCRIPTION
Number of Pages 44p
500 ## - GENERAL NOTE
General note includes index and biblioraphy
505 2# - FORMATTED CONTENTS NOTE
Formatted contents note Index
650 ## - SUBJECT ADDED ENTRY--TOPICAL TERM
Topical Term Persian Poetry
942 ## - ADDED ENTRY ELEMENTS (KOHA)
Koha item type Books
700 1# -
-- Ibn, Imad
Holdings
Collection code Home library Current library Date acquired Cost, normal purchase price Full call number Accession Number Koha item type
  Henry Martyn Institute Library Henry Martyn Institute Library 06/04/2007 100.00 891.551 IBN 04465 Books
                   Copyright © 2026 | Henry Martyn Institute | Hyderabad | TS-500052 | INDIA | Implemented by hmi.edu.in
Hit-Count:

Powered by Koha